000 00279nam a2200109Ia 4500
008 200302s9999 xx 000 0 und d
100 _aNicolas Brizault
245 _aUrban Furniture A New city life
260 _bI C I Consultants Publication
260 _c2010
300 _a319 P.,l
999 _c5398
_d5398